000 00635nam a2200229Ia 4500
005 20260115174018.0
008 008 260114s9999 xx 000 0 eng d
020 _a9781474498043
037 _aEBOOK
040 _aCRL
_beng
_cCRL
041 _aeng
_2eng
084 _qCRL
100 _aGoody/McCracken
_9894982
245 0 _aBeastly Modernisms
260 _bCambridge University Press
260 _bEdinburgh University Press
260 _c2023
650 _aLiterature
_9894983
856 _uhttps://www.cambridge.org/core/product/identifier/9781474498043/type/BOOK
942 _cEBOOK
999 _c1489194
_d1489194